Maname nee sugamayiru (Tamil)
| Main Author: | |
|---|---|
| Format: | Book |
| Published: |
Chennai :
Sri Hindu Publication ,
2001
|
| Subjects: |
MARC
| LEADER | 00000cam a2200000 7i4500 | ||
|---|---|---|---|
| 001 | 0000057316 | ||
| 005 | 20160105.0 | ||
| 008 | 151221 | ||
| 024 | 1 | 0 | |a 111-146-12 |
| 090 | 0 | 0 | |a 808.84 |b DEV |
| 100 | 1 | |a Devnath, C. M | |
| 245 | 1 | 0 | |a Maname nee sugamayiru (Tamil) |c C. M. Devnath |
| 260 | |a Chennai : |b Sri Hindu Publication , |c 2001 | ||
| 650 | 0 | |a Essay |x Tamil | |
| 999 | |a 0001386146 |b Book |c Tamil Collection |e Perbadanan Perpustakaan Awam Johor | ||